000 00729nam a2200253 i 4500
001 33842
003 BD-RjUL
005 20211209052052.0
008 140511s1975 fr af i000 0 eng d
020 _a9231012029
035 _a(BD-RjUL)33934
040 _aDLC
_cDLC
_dDLC
_beng
041 _aeng
082 0 0 _a306.0296762
_bNDC 1975
100 1 _aNdeti, Kivuto.
_9102775
245 1 0 _aCultural policy in Kenya /
_cKivuto Ndeti.
260 _aParis :
_bUnesco Press,
_c1975.
300 _a70 p., [2] leaves of plates :
_bill. ;
_c24 cm.
651 0 _aKenya
_xCultural policy.
_9102777
942 _2ddc
_cBK
999 _c33842
_d33842